01017nas a2200301 4500001001300000003000900013005001700022007000300039008003400042040005400076041000900130072000800139100001800147100002200165100002200187100001400209245009300223650001000316650001200326650001500338650002500353650001500378773009200393909004000485942001800525999001900543952015300562BR2014002463BR-BrBNA20231205123933.0ta230509b bl.|||p| |||| 00| 00por d aBR-BrBNAbporcBiblioteca Nacional de Agricultura a(En) aH101 aFrizzas, M.R.1 aSilveira Neto, S.1 aOliveira, C.M. de1 aOmoto, C.1 aGenetically modified corn on fall armyworm and earwig populations under field conditions aMILHO aLAGARTA aTESOURINHA aPLANTA TRANSGÊNICA aINSETICIDA0 tCiência Rural (Brazil)xISSN 0103-8478g(Feb 2014), v. 44(2) p. 203-209wBR2014002463 a202311bLúciac55dLúcia Elande 2AGRISn0cANA c236482d236482 002AGRIS4071a41918b41918cPeriódicos Agrícolash(Feb 2014), v. 44(2) p. 203-209l0r2023-11-29t01yCRePortaria Interministerial nº 164/94